| 000 | 006630000a22001930004500 | ||
|---|---|---|---|
| 999 |
_c53939 _d53939 |
||
| 001 | 768714001 | ||
| 003 | CO-MdFUSB | ||
| 005 | 20170809163025.0 | ||
| 008 | 170809s1998 xxu||||| |||| 00| 0 eng d | ||
| 022 | _a0098-9444 | ||
| 040 |
_aCO-MdFUSB _bspa _cCO-MdFUSB _dCO-MdFUSB |
||
| 041 | _aeng | ||
| 100 | 1 |
_aSteiner, Margreet _eautor |
|
| 245 | 1 | 0 |
_aDavid's Jerusalem, fiction or reality? Its not there : _barchaeology proves a negative |
| 300 |
_aVolumen 24. Número 4 (1998), Páginas 24-33 _c28 cm. |
||
| 546 | _aTexto en inglés | ||
| 773 | 0 |
_tBiblical Archaeology Review _049395 _959483 _gVolumen 24. Número 4 (1998), Páginas 24-33 _qPágina 24 |
|
| 942 | _cANA | ||